000 00431nam a22001457a 4500
008 140908b xxu||||| |||| 00| 0 eng d
022 _a00245488
050 _aKD1815.A2.L57(1991 vol. 2)
245 _aLloyd's law reports (1991 vol. 2). /
_cedited by Miss M. D'Souza
260 _aLondon:
_bLlyods of London Press Ltd.,
_c1991.
300 _aviii, 739p.:
_c24cm.
440 _vVol. 2
800 _aD' Souza, M.M.
942 _2lcc
_cBK
999 _c4451
_d11951